La Formación del actor / Hermann Bonnín
Publicado:
San Jorge, núm. 81 (1r trimestre 1971), pàg 18 - 39 :
MARC
| LEADER | 00000nam a2200000Ia 4500 | ||
|---|---|---|---|
| 001 | |||
| 008 | 160829s9999 xx 000 0 cat d | ||
| 100 | |a Bonnín, Hermann, |d 1935- |9 41455 | ||
| 245 | |a La Formación del actor / Hermann Bonnín | ||
| 260 | |a San Jorge, núm. 81 (1r trimestre 1971), pàg 18 - 39 | ||
| 590 | |a Conté 45 fotografies | ||
| 610 | 1 | 0 | |a Institut del Teatre (Barcelona, Catalunya) |9 52662 |
| 650 | |a Actors |x Ètica profesional |9 42292 | ||
| 650 | |a Actors |x Ensenyament |9 42293 | ||
| 901 | |a Arxiu | ||
| 942 | |n 1 | ||
| 952 | |0 0 |1 0 |4 0 |7 1 |9 50749 |a Arxiu |b Arxiu |d 2016-12-01 |l 0 |r 2016-12-01 00:00:00 |w 2016-12-01 |y ARXIU | ||
| 999 | |c 54591 |d 54591 | ||